Library Banner

Health psychology : (Record no. 140328)

MARC details
000 -LEADER
fixed length control field 00852nam a22002297a 4500
005 - DATE AND TIME OF LATEST TRANSACTION
control field 20260406094431.0
008 - FIXED-LENGTH DATA ELEMENTS--GENERAL INFORMATION
fixed length control field 260406b |||||||| |||| 00| 0 eng d
020 ## - INTERNATIONAL STANDARD BOOK NUMBER
International Standard Book Number 9781032292557
040 ## - CATALOGING SOURCE
Transcribing agency PK-LaUMT
082 ## - DEWEY DECIMAL CLASSIFICATION NUMBER
Classification number 616.0019
Item number RAG-H
100 1# - MAIN ENTRY--PERSONAL NAME
Personal name Ragin, Deborah Fish
245 10 - TITLE STATEMENT
Title Health psychology :
Remainder of title an interdisciplinary approach /
Statement of responsibility, etc Deborah Fish Ragin
250 ## - EDITION STATEMENT
Edition statement 4th ed.
260 ## - PUBLICATION, DISTRIBUTION, ETC. (IMPRINT)
Place of publication, distribution, etc New York :
Name of publisher, distributor, etc Routledge,
Date of publication, distribution, etc 2025
300 ## - PHYSICAL DESCRIPTION
Extent xiii, 650 p.
500 ## - GENERAL NOTE
General note Index present
520 ## - SUMMARY, ETC.
Summary, etc "Now in its fourth edition, Health Psychology takes a truly interdisciplinary approach to studying health psychology, and offers a comprehensive overview of the subareas within this fascinating subject"-- Provided by publisher<br/>
546 ## - LANGUAGE NOTE
Language note Eng
650 ## - SUBJECT ADDED ENTRY--TOPICAL TERM
Topical term or geographic name as entry element Health behavior
650 ## - SUBJECT ADDED ENTRY--TOPICAL TERM
Topical term or geographic name as entry element Behavioral medicine
942 ## - ADDED ENTRY ELEMENTS (KOHA)
Koha item type Books
Holdings
Withdrawn status Lost status Damaged status Home library Current library Date acquired Full call number Barcode Date last seen Price effective from Koha item type
      UMT Main Campus UMT Main Campus 2026-04-06 616.0019 RAG-H 151750 2026-04-06 2026-04-06 Books